00310nam a2200121Ia 4500008004100000082001000041245002500051250000600076260004800082300000800130630002500138730002500163090124s9999 xx 000 0 und d b35440 a चोर चोर a1 bलागू चिंतामणीc2008 a226 a चोर चोर a चोर चोर